000 00767cam a2200241 a 4500
001 000008449
005 20200929161338.0
008 010208s2000 pr 000 1 spa d
010 _a2001465830
020 _a1563281678
040 _aDO-SdBNP
_c*PIF*
_dCU
_dCStRLIN
_dDLC
042 _alccopycat
082 _aPR863.44
_bC719a
100 1 _aColón Zayas, Eliseo.
_922735
245 1 0 _aArchivo Catalina :
_bmemorias online /
_cEliseo Colón.
260 _aSan Juan, P.R. :
_bPlaza Mayor,
_cc2000.
300 _a185 p. ;
_c21 cm.
490 1 _aBiblioteca de autores Puerto Rico
650 4 _aNovela puertorriqueña
_91185
650 4 _aLiteratura puertorriqueña
_9250
830 0 _aBiblioteca de autores Puerto Rico
_922736
910 _aCatalogación por copia / LC
999 _c8220
_d8220